|
|
|
|
| LEADER |
00000nab a2200000 a 4500 |
| 001 |
vtls011561531 |
| 003 |
SK-MaSNL |
| 005 |
20260305033522.0 |
| 008 |
160620c2016 xo wr n 0 0slo |
| 038 |
|
|
|a SLLK
|
| 040 |
|
|
|a SLLK
|b slo
|c sllk
|e AACR2
|
| 041 |
|
|
|a slo
|
| 044 |
|
|
|a xo
|c SK
|
| 080 |
|
|
|a 796.57
|x (437.671)
|2 2011
|
| 245 |
0 |
0 |
|a Povedie asfaltová cyklotrasa až do Ružbách?
|c Text (eh) ; foto (ĽTV)
|
| 300 |
|
|
|b Fotogr.
|
| 648 |
|
7 |
|a 2016
|2 snkbucl
|9 339798
|
| 650 |
0 |
7 |
|a cyklotrasy
|2 sllk
|9 87011
|
| 650 |
0 |
7 |
|a cykloturistika
|2 sllk
|9 3264
|
| 650 |
0 |
7 |
|a projekty
|2 sllk
|9 18866
|
| 651 |
|
7 |
|a Stará Ľubovňa (Slovensko : okres)
|2 sllk
|9 19196
|
| 773 |
0 |
|
|t Ľubovnianske noviny
|g Roč. XLI., č. 19 (2016), s. 1
|x 1338-0346
|
| 999 |
|
|
|c 3324674
|d 3326604
|